书目信息 |
| 题名: |
多肉控!
|
|
| 作者: | Ron , 小宇 著 | |
| 分册: | ||
| 出版信息: | 哈尔滨 北方文艺出版社 2019 |
|
| 页数: | 269页 | |
| 开本: | 22cm | |
| 丛书名: | ||
| 单 册: | ||
| 中图分类: | S682.33 | |
| 科图分类: | ||
| 主题词: | 多浆植物--duo jiang zhi wu--盆栽--观赏园艺 | |
| 电子资源: | ||
| ISBN: | 978-7-5317-4095-7 | |
| 000 | 01529nam0 2200277 450 | |
| 001 | 012001002607 | |
| 005 | 20140101173940.0 | |
| 010 | @a978-7-5317-4095-7@dCNY58.00 | |
| 099 | @aCAL 012019056831 | |
| 100 | @a20190319d2019 em y0chiy50 ea | |
| 101 | 0 | @achi |
| 102 | @aCN@b230000 | |
| 105 | @aa z 000yy | |
| 106 | @ar | |
| 200 | 1 | @a多肉控!@Aduo rou kong !@e不藏私的多肉组盆技巧@fRon, 小宇著 |
| 210 | @a哈尔滨@c北方文艺出版社@d2019 | |
| 215 | @a269页@c彩图@d22cm | |
| 314 | @aRon, 原名刘仓印, 籍贯台北, 台湾大学老师, 2000年迷上多肉植物, 一路从收集品系、了解多肉的种植、习性, 到运用其多元的形态及颜色而有如今的多肉组合方式。小宇, 原名吴孟宇, 籍贯高雄, 自由职业者, 从小就喜欢亲近大自然与动、植物。 | |
| 330 | @a台湾晨星出版社2017年度推荐, 原新东方名师、田园咖啡投资人“萝乐大王”甄选美图, “多肉植物百科”百科君力荐, facebook“植物风疯植物”推荐多肉组盆赏, 宝岛台湾多肉大咖Ron老师、小宇老师倾情打造, 29款创意作品, 独特细腻的手法技巧大公开。书中展示了29种新奇好玩且简单易学的多肉组盆步骤图, 多肉爱好者零基础入门, 书中内置市面绝大多数常见的多肉植物图鉴, 是一本非常实用的工具书。这不是一本书, 这是一片窄众的乐土; 这是一本关于多肉组盆、内容传播、在线分飨的一本说明书; 这是一个多肉社群关于内容聚合、分发、互融所创造的真实场景。 | |
| 517 | 1 | @a不藏私的多肉组盆技巧@Abu cang si de duo rou zu pen ji qiao |
| 606 | 0 | @a多浆植物@Aduo jiang zhi wu@x盆栽@x观赏园艺 |
| 690 | @aS682.33@v5 | |
| 701 | 0 | @aRon@ARon@4著 |
| 701 | 0 | @a小宇@Axiao yu@4著 |
| 801 | 0 | @aCN@b北京卓展@c20191020 |
| 905 | @b1204046-9@dS682.33@e539@f4 | |
| 多肉控!:不藏私的多肉组盆技巧/Ron, 小宇著.-哈尔滨:北方文艺出版社,2019 |
| 269页:彩图;22cm |
| ISBN 978-7-5317-4095-7:CNY58.00 |
| 台湾晨星出版社2017年度推荐, 原新东方名师、田园咖啡投资人“萝乐大王”甄选美图, “多肉植物百科”百科君力荐, facebook“植物风疯植物”推荐多肉组盆赏, 宝岛台湾多肉大咖Ron老师、小宇老师倾情打造, 29款创意作品, 独特细腻的手法技巧大公开。书中展示了29种新奇好玩且简单易学的多肉组盆步骤图, 多肉爱好者零基础入门, 书中内置市面绝大多数常见的多肉植物图鉴, 是一本非常实用的工具书。这不是一本书, 这是一片窄众的乐土; 这是一本关于多肉组盆、内容传播、在线分飨的一本说明书; 这是一个多肉社群关于内容聚合、分发、互融所创造的真实场景。 |
| ● |
| 相关链接 |
|
|
|
|
正题名:多肉控!
索取号:S682.33/539
 
预约/预借
| 序号 | 登录号 | 条形码 | 馆藏地/架位号 | 状态 | 备注 |
| 1 | 1204046 | 212040469 | 第二样本阅览室/ [索取号:S682.33/539] | 在馆 | |
| 2 | 1204047 | 212040478 | 第三借阅区/ [索取号:S682.33/539] | 在馆 | |
| 3 | 1204048 | 212040487 | 第三借阅区/ [索取号:S682.33/539] | 在馆 | |
| 4 | 1204049 | 212040496 | 第三借阅区/ [索取号:S682.33/539] | 在馆 |